| 000 | 02213cam a22006374i 4500 | ||
|---|---|---|---|
| 003 | PE-LiUPU | ||
| 005 | 20250731170458.0 | ||
| 008 | 150616s1993 caua r 000 0 eng d | ||
| 020 | _a0891060642 | ||
| 020 | _a9780891060642 | ||
| 035 | _a(Sirsi) i9780891060642 | ||
| 040 |
_aPE-LiUPU _bspa _cPE-LiUPU _dPE-LiUPU _erda |
||
| 049 | _aPRUA | ||
| 082 | 0 | 4 |
_a155.2 _bM99 _221 |
| 100 | 1 |
_aMyers, Isabel Briggs, _eautor. |
|
| 245 | 1 | 0 |
_aGifts Differing: Understanding personality type / _cIsabel Briggs Myers. |
| 264 | 1 |
_aPalo Alto, California : _bCPP Books, _c1993. |
|
| 300 |
_a224 páginas : _bIlustraciones ; _c23 centímetros |
||
| 336 |
_atext _2rdacontent |
||
| 337 |
_aunmediated _2rdamedia |
||
| 338 |
_avolume _2rdacarrier |
||
| 505 | 0 | _aEffects of the preferences on personality -- Practical implication of type -- Dynamics of type development personality. | |
| 526 | _aSEG68 | ||
| 526 | _aSEG70 | ||
| 526 | _aSEG69 | ||
| 526 | _aSEG67 | ||
| 526 | _aSEG43 | ||
| 526 | _aP144 | ||
| 526 | _aP143 | ||
| 526 | _aP131 | ||
| 526 | _aP122 | ||
| 526 | _aP120 | ||
| 526 | _aP117 | ||
| 526 | _aP112 | ||
| 526 | _aP110 | ||
| 526 | _aP106 | ||
| 526 | _aP101 | ||
| 526 | _aP80 | ||
| 526 | _aP59 | ||
| 526 | _aP54 | ||
| 526 | _aP35 | ||
| 526 | _aP33 | ||
| 526 | _aP30 | ||
| 650 | 0 | 4 | _aTipos psicológicos. |
| 700 | 1 | _aPeter B. Myers. | |
| 910 |
_ajck _bjvq _cjck |
||
| 942 |
_2ddc _cBOOK |
||
| 949 |
_a155.2 M99 _wDEWEY _c1 _i40409 _lCCODEBUL1 _mBUL _r0 _sY _tBOOK _u2015-4-23 _xSALUD _zUNKNOWN _0COMPRA _o.STAFF. Colección General |
||
| 949 |
_a155.2 M99 _wDEWEY _c2 _i40408 _lCCODEBUL1 _mBUL _r0 _sY _tBOOK _u2015-6-16 _xTEOLOGIA _zUNKNOWN _0COMPRA _o.STAFF. Colección Ciencias de la Salud |
||
| 994 |
_aC0 _bPEPRU |
||
| 596 | _a1 | ||
| 999 |
_a155.2 M99 _wDEWEY _c58213 _i40409 _f2019-12-9 _g4 _lCCODEBUL1 _mBUL _r0 _sY _tBOOK _u2015-4-23 _xSALUD _zUNKNOWN _0COMPRA _o.STAFF. Colección General _d58213 |
||
| 999 |
_a155.2 M99 _wDEWEY _c2 _i40408 _f2021-11-3 _g5 _lCCODEBUL1 _mBUL _p26.99 _r0 _sY _tBOOK _u2015-6-16 _xSALUD _zUNKNOWN _0COMPRA _o.STAFF. Colección Ciencias de la Salud |
||
| 980 |
_81 _gALBERTO SANCHEZ Responsable de Automatización |
||